000 00432ntaaa2200181 4500
003 01
005 20251027202051.0
008 0714s1973 ag 01
040 _aAR-BaBN
_bspa
_cAR-BaBN
_eaacr
_dRIC
082 _a252.0000 D64
100 _aDixon, A.C.
_915715
245 _aMilk and meat
250 _a1 ed.
260 _aNew York :
_bFleming H Revell Company,
_cc1893
300 _a275 p
650 _asermones
_9362
942 _cBK
999 _c15505
_d15505